Datum a čas kvízu
22.5
Celkem bodů
Celkový počet nahraných bodů na tomto kvízu bez doplňovacích otázek.
5.
Pořadí na kvízu
Konečné umístění týmu na tomto kvízu.
Zaznamenané odpovědi
| # | Otázka | Odpověď | Body | Výsledky |
|---|---|---|---|---|
| 1. | Komunisté si zvolili o víkendu... | Kateřina Konečná | 0 | |
| 2. | Jistá evropská metropole si zř... | Vídeň | 0 | |
| 3. | Minulý čtvrtek měl v českých k... | Duna | 1 | |
| 4. | Firma Apple opět vzbudila pozo... | Čisticí hadřík. | 1 | |
| 5. | Útočník Evander Kane ze San Jo... | Zfalšoval očkovací průkaz. | 0 | |
| 6. | Toto téma začneme manželkami k... | 1B 2C 3A 4D | 0 | |
| 7. | Přesuneme se ke Králi popu. Ja... | Neverland | 0 | |
| 8. | Kterému sportu se profesionáln... | Tenisu. | 0 | |
| 9. | Mnoho deskových her využívá kr... | Shogi | 0 | |
| 10. | V roce 2021 streamovací platfo... | Král Šamanů (Shaman King) | 1 |